Historia de la literatura universal
Guardado en:
| Autores principales: | , |
|---|---|
| Formato: | Libro |
| Lenguaje: | español |
| Publicado: |
Barcelona
Planeta
1970
|
| Edición: | 2a. ed |
| Materias: | |
| Etiquetas: |
Agregar Etiqueta
Sin Etiquetas, Sea el primero en etiquetar este registro!
|
MARC
| LEADER | 00000nam a2200000 a 4500 | ||
|---|---|---|---|
| 001 | UCT3314 | ||
| 003 | CL-VaPUC | ||
| 008 | 961018e19700000SP |||||||||||||||||spa|d | ||
| 082 | 0 | 4 | |a 809 |b RIQ |2 21 |
| 100 | 0 | |a Riquer, Martín de |e author |9 372236 | |
| 700 | 0 | |a Valverde, José María |e author |9 372237 | |
| 245 | 1 | 0 | |a Historia de la literatura universal |
| 250 | |a 2a. ed | ||
| 300 | |a 3 v | ||
| 942 | |c BK | ||
| 945 | |d 19961018 00:00:00 |a lriquelm | ||
| 260 | |a Barcelona |b Planeta |c 1970 | ||
| 500 | |a Incluye apéndice: Dos literaturas de extremo oriente | ||
| 500 | |a v.1: De la antigüedad al Renacimiento | ||
| 500 | |a v.2: Del Renacimiento al Romanticismo | ||
| 500 | |a v.3: Del romanticismo a nuestro días | ||
| 650 | 0 | |a Literatura |9 259151 | |
| 650 | 0 | |a Historia y crítica |9 257407 | |
| 650 | 0 | |a Romanticismo |9 266698 | |
| 650 | 0 | |a Literatura contemporánea |9 321959 | |
| 583 | |a last modification |c 20160824 03:21:25 |k Rodrigo Vera | ||
| 999 | |c 253011 |d 253009 | ||
| 952 | |0 0 |1 0 |4 0 |6 809_000000000000000_RIQ_1970 |7 0 |8 X |9 273329 |a BIBCUR |b BIBCUR |d 2019-11-19 |h v.3 |i 1767461 |o 809 RIQ 1970 |p 1767461 |r 2025-04-22 |w 2019-11-19 |y BK_X |k BCB | ||